00263nam a2200109Ia 4500008004100000100001000041245005000051260001300101260002100114260000900135300000900144090707b ii f a fnsan d aDarya aManga Basi Kav:bMoolvas ate parvas da davand aLudhiana bChetna Prakashan c2017 a358p